[Event "ESP-ch U10"]
[Site "Salobrena"]
[Date "2023.07.08"]
[Round "9"]
[White "Antoshin, Andrey"]
[Black "Malagon Moreno, Bruno"]
[Result "1/2-1/2"]
[WhiteElo "1264"]
[BlackElo "1024"]
[PlyCount "84"]
[EventDate "2023.07.03"]
[EventType "swiss"]
[EventRounds "9"]
[EventCountry "ESP"]
[SourceTitle "EXT 2024"]
[Source "ChessBase"]
[SourceDate "2023.10.10"]
[SourceVersion "1"]
[SourceVersionDate "2023.10.10"]
[SourceQuality "1"]

1. Nf3 f5 2. g3 b6 3. Bg2 Bb7 4. 0-0 Nf6 5. d4 e6 6. c4 Be7 7. Nc3 0-0 8. d5 Na6 9. Be3 Nc5 10. Bxc5 Bxc5 11. a3 a5 12. Ne5 Bd6 13. Nd3 Qe7 14. e4 fxe4 15. Nxe4 Nxe4 16. Bxe4 exd5 17. Bxd5+ Bxd5 18. cxd5 Qe4 19. Nc1 Qe5 20. Qd2 Bc5 21. Ne2 Qf6 22. Nf4 Bd6 23. Rfe1 Bxf4 24. Qxf4 Qxf4 25. gxf4 Rxf4 26. Re7 Rd8 27. Rd1 Kf8 28. Re2 d6 29. Rc1 Rc8 30. Rec2 Rf7 31. Rc6 Rf5 32. Rxd6 Ke7 33. Rxb6 cxb6 34. Rxc8 Rxd5 35. Rc7+ Rd7 36. Rc6 Rb7 37. a4 Kd7 38. Rc3 Ke7 39. Rh3 h6 40. Rg3 Kf7 41. b4 Ra7 42. b5 Rc7 1/2-1/2

[Event "ESP-ch U10"]
[Site "Salobrena"]
[Date "2023.07.05"]
[Round "4"]
[White "Antoshin, Andrey"]
[Black "Gadea Marti, Rafael Nicolas"]
[Result "1-0"]
[WhiteElo "1264"]
[BlackElo "1072"]
[PlyCount "91"]
[EventDate "2023.07.03"]
[EventType "swiss"]
[EventRounds "9"]
[EventCountry "ESP"]
[SourceTitle "EXT 2024"]
[Source "ChessBase"]
[SourceDate "2023.10.10"]
[SourceVersion "1"]
[SourceVersionDate "2023.10.10"]
[SourceQuality "1"]

1. Nf3 d5 2. g3 Nf6 3. Bg2 Bf5 4. 0-0 e6 5. d4 Be7 6. c4 0-0 7. Nc3 h6 8. Re1 Nbd7 9. Bf4 Bd6 10. Ne5 c6 11. Nxf7 Rxf7 12. Bxd6 Ne8 13. Bf4 Qf6 14. e4 dxe4 15. Nxe4 Bxe4 16. Rxe4 Re7 17. Qe2 g5 18. Be5 Nxe5 19. Rxe5 Ng7 20. Re1 Rae8 21. d5 cxd5 22. cxd5 Kf7 23. dxe6+ Rxe6 24. Bd5 b6 25. g4 Qg6 26. Qf3+ Kg8 27. Bxe6+ Rxe6 28. Qb3 Kf7 29. Rxe6 Nxe6 30. Qa3 a5 31. Qb3 Qf6 32. Qxb6 Kg7 33. Qxe6 Qxe6 34. Rxe6 a4 35. b4 axb3 36. axb3 Kh7 37. b4 h5 38. gxh5 g4 39. b5 g3 40. fxg3 Kg7 41. b6 Kf7 42. Re1 Kf6 43. b7 Kf5 44. b8Q Kg4 45. Qf4+ Kh3 46. Qh4# 1-0

[Event "ESP-ch U10 Rapid"]
[Site "Salobrena"]
[Date "2022.07.09"]
[Round "4"]
[White "Pabon Hermann, David"]
[Black "Antoshin, Andrey"]
[Result "1-0"]
[WhiteElo "1191"]
[BlackElo "1289"]
[PlyCount "59"]
[EventDate "2022.07.09"]
[EventType "swiss (rapid)"]
[EventRounds "9"]
[EventCountry "ESP"]
[SourceTitle "EXT 2023"]
[Source "ChessBase"]
[SourceDate "2022.10.05"]
[SourceVersion "1"]
[SourceVersionDate "2022.10.05"]
[SourceQuality "1"]

1. d4 Nf6 2. Nf3 e6 3. e3 c5 4. c3 d5 5. Bd3 Nc6 6. Nbd2 Bd6 7. 0-0 Qc7 8. Qe2 c4 9. Bc2 0-0 10. e4 dxe4 11. Nxe4 Nxe4 12. Qxe4 f5 13. Qh4 b6 14. Ng5 h6 15. Nf3 Bb7 16. Re1 Nd8 17. Bd2 Bxf3 18. gxf3 Rf6 19. Kh1 Nf7 20. Rg1 Ng5 21. Bxg5 hxg5 22. Qxg5 Rh6 23. Qxh6 Rf8 24. Rae1 Rf6 25. Qxf6 Bxh2 26. Rg2 a5 27. Rxe6 Bf4 28. Rc6 Qd7 29. Bxf5 Qe8 30. Qxg7# 1-0